00474nam a2200181 a 4500001001300000003000900013005001700022008004100039020001100080082001800091100001500109245004000124260005000164300000900214500003500223650001900258700001500277nice12345678IN_TiNIC20260116015127.0071030s1969 bana grp 000 0 eng  ac0.2400a230.0954bBAA aBaago, Kaj aPioneers of Indigenous Christianity aBangalorebChristian Literature Societyc1969 a214p aincludes index and biblioraphy aTheology-India1 aBaago, Kaj